书目信息 |
| 题名: |
大学英语近义词手册
|
|
| 作者: | 潘晓燕 主编 ;蒋艳梅 , 刘焱 编 | |
| 分册: | ||
| 出版信息: | 上海 上海科学技术文献出版社 2001.03 |
|
| 页数: | 613页 | |
| 开本: | 17cm | |
| 丛书名: | ||
| 单 册: | ||
| 中图分类: | H313.2-42 | |
| 科图分类: | 41.6822054 | |
| 主题词: | 英语--同义词--高等教育--教学参考资料 | |
| 电子资源: | ||
| ISBN: | 7-5439-1901-X | |
| 000 | 00775nam0 2200253 450 | |
| 001 | CAL 012002096212 | |
| 005 | 20120327103332.37 | |
| 010 | @a7-5439-1901-X@dCNY 18.00 | |
| 099 | @aCAL 012002096212 | |
| 100 | @a20020321d2001 em y0chiy0120 ea | |
| 101 | 0 | @aeng@achi |
| 102 | @aCN@b310000 | |
| 200 | 1 | @a大学英语近义词手册@ADa Xue Ying Yu Jin Yi Ci Shou Ce@f潘晓燕主编@g潘晓燕, 蒋艳梅, 刘焱编 |
| 210 | @a上海@c上海科学技术文献出版社@d2001.03 | |
| 215 | @a613页@d17cm | |
| 320 | @a有索引 | |
| 606 | 0 | @a英语@x同义词@x高等教育@j教学参考资料 |
| 690 | @aH313.2-42@v4 | |
| 692 | @a41.6822054@v3 | |
| 701 | 0 | @a潘晓燕@APan Xiaoyan@4主编 |
| 702 | 0 | @a蒋艳梅@AJiang Yanmei@4编 |
| 702 | 0 | @a刘焱@c(英语)@4编 |
| 801 | 0 | @aCN@bSXH@c20060524 |
| 905 | @a10447@dH313.2-42@eP258 | |
| 大学英语近义词手册/潘晓燕主编/潘晓燕, 蒋艳梅, 刘焱编.-上海:上海科学技术文献出版社,2001.03 |
| 613页;17cm |
| ISBN 7-5439-1901-X:CNY 18.00 |
| ● |
| 相关链接 |
|
|
|
正题名:大学英语近义词手册
索取号:H313.2-42/P258
 
预约/预借
| 序号 | 登录号 | 条形码 | 馆藏地/架位号 | 状态 | 备注 |
| 1 | 604024 | 206040247 | 自科二线404/209语言库 34排1列3层/ [索取号:H313.2-42/P258] | 在馆 | |
| 2 | 604025 | 206040256 | 语言库209/209语言库 34排1列3层/ [索取号:H313.2-42/P258] | 在馆 | |
| 3 | 604026 | 206040265 | 语言库209/209语言库 34排1列3层/ [索取号:H313.2-42/P258] | 在馆 |